Vážne problémy financovania lesného hospodárstva. 2

Vážne problémy slovenského lesníctva, ktoré si vyžadujú neodkladné riešenie dotáciami zo štátneho rozpočtu. Neinvestičné financie a ďalšie možnosti finančnej podpory. Vysoká miera finančnej nesamostatnosti lesného hospodárstva SR.

Saved in:
Bibliographic Details
Main Author: Michalík, I.
Format: Book Chapter
Language:Slovak
Subjects:
Tags: Add Tag
No Tags, Be the first to tag this record!

MARC

LEADER 00000naa a2200000 4500
001 r023548
005 20230824085504.1
041 0 |a slo 
044 |a SK 
245 1 0 |a Vážne problémy financovania lesného hospodárstva. 2  |c I. Michalík 
520 |a Vážne problémy slovenského lesníctva, ktoré si vyžadujú neodkladné riešenie dotáciami zo štátneho rozpočtu. Neinvestičné financie a ďalšie možnosti finančnej podpory. Vysoká miera finančnej nesamostatnosti lesného hospodárstva SR. 
610 2 0 |a Slovensko 
610 2 0 |a 1997 
610 2 0 |a hospodárstvo lesné 
610 2 0 |a financovanie 
610 2 0 |a lesníctvo 
610 2 0 |a dotácie 
100 1 |a Michalík, I.